|
|
|
|
| LEADER |
00000nam0a2200000 4500 |
| 001 |
304343 |
| 005 |
20231102001706.0 |
| 020 |
|
|
|a RU
|b 83-41809
|
| 035 |
|
|
|a (RuTPU)RU\TPU\book\329590
|
| 090 |
|
|
|a 304343
|
| 100 |
|
|
|a 20150914d1983 km y0rusy5003 ca
|
| 101 |
0 |
|
|a rus
|
| 102 |
|
|
|a RU
|
| 105 |
|
|
|a y e 000zy
|
| 200 |
1 |
|
|a Атеистический словарь
|f А. И. Абдусамедов [и др.]
|g под ред. М. П. Новикова
|
| 210 |
|
|
|a Москва
|c Политиздат
|d 1983
|
| 215 |
|
|
|a 559 с.
|
| 300 |
|
|
|a Авт. указаны в конце кн.
|
| 606 |
1 |
|
|a Атеизм
|2 stltpush
|3 (RuTPU)RU\TPU\subj\29599
|9 52889
|
| 610 |
1 |
|
|a словари
|
| 610 |
1 |
|
|a теория
|
| 610 |
1 |
|
|a история
|
| 610 |
1 |
|
|a свободомыслие
|
| 610 |
1 |
|
|a термины
|
| 610 |
1 |
|
|a религии
|
| 610 |
1 |
|
|a церковь
|
| 610 |
1 |
|
|a атеистическое воспитание
|
| 686 |
|
|
|a Э13я2
|2 rubbk
|
| 701 |
|
1 |
|a Абдусамедов
|b А. И.
|g Анвар Ишанханович
|
| 701 |
|
1 |
|a Алейник
|b Р. М.
|
| 701 |
|
1 |
|a Алиева
|b Б. А.
|
| 701 |
|
1 |
|a Андреев
|b М. В.
|
| 702 |
|
1 |
|a Новиков
|b М. П.
|g Михаил Петрович
|4 340
|
| 801 |
|
0 |
|a RU
|b RuMRKP
|c 19950704
|g psbo
|
| 801 |
|
1 |
|a RU
|b 63413507
|c 20150914
|
| 801 |
|
2 |
|a RU
|b 63413507
|c 20180621
|g RCR
|
| 942 |
|
|
|c BK
|